Statistics for Algeria Province Quiz

Click here to take the quiz!

General Stats

  • This quiz has been taken 13 times
  • The average score is 24 of 48

Answer Stats

Province% Correct
Algiers
90%
Oran
90%
Adrar
80%
Blida
80%
Bouira
80%
Jijel
80%
Béjaïa
70%
Biskra
70%
Constantine
70%
Djelfa
70%
Sétif
70%
Tamanrasset
70%
Batna
60%
Béchar
60%
Boumerdès
60%
Chlef
60%
Mascara
60%
Mila
60%
M'Sila
60%
Skikda
60%
Tlemcen
60%
Annaba
50%
Guelma
50%
Illizi
50%
Mostaganem
50%
Saïda
50%
Tindouf
50%
Tizi Ouzou
50%
Aïn Defla
40%
El Bayadh
40%
El Oued
40%
Ghardaïa
40%
Médéa
40%
Relizane
40%
Tébessa
40%
Tiaret
40%
Tipaza
40%
Naâma
30%
Ouargla
30%
Sidi bel Abbès
30%
Aïn Témouchent
20%
El Tarf
20%
Laghouat
20%
Souk Ahras
20%
Bordj Bou Arreridj
10%
Khenchela
10%
Oum El Bouaghi
10%
Tissemsilt
10%

Score Distribution

Percentile by Number Answered

Percent of People with Each Score

Your Score History

You have not taken this quiz